|
|
|
|
| LEADER |
00674cam a2200193 7i4500 |
| 001 |
0000004657 |
| 005 |
20180702090000.0 |
| 020 |
|
|
|a 9780534385149 (hbk.)
|
| 020 |
|
|
|a 0534385141 (hbk.)
|
| 090 |
0 |
0 |
|a QA371
|b .B57 2002
|
| 100 |
1 |
|
|a Blanchard, Paul
|
| 245 |
1 |
0 |
|a Differential equations
|c Paul Blanchard, Robert L. Devaney, Glen R. Hall.
|
| 260 |
|
|
|a Australia:
|b Brooks/Cole Thomson Learning,
|c 2002.
|
| 300 |
|
|
|a xx, 786 p.:
|b ill.;
|c 24 cm..
|
| 650 |
0 |
0 |
|a Differential equations
|
| 700 |
1 |
|
|a Hall, Glen R
|
| 700 |
1 |
|
|a Devaney, Robert L
|
| 997 |
|
|
|a Engineering & Life Sciences, Faculty
|b Engineering, Department
|
| 999 |
|
|
|a 0000005779
|b BOK
|c OPEN SHELF
|e 2nd Floor, Bestari Jaya
|